<An> analysis of approximations for maximizing submodular set functions

Salvato in:
Dettagli Bibliografici
Autore principale: Nemhauser, George L.
Natura: Libro
Lingua:inglese
Pubblicazione: Louvain Universite Catholique 1976
Tags: Aggiungi Tag
Nessun Tag, puoi essere il primo ad aggiungerne!!

MARC

LEADER 00000nam a2200000 4500
001 0223104
005 20240822101703.3
041 0 |a eng 
044 |a BE 
245 1 0 |a <An> analysis of approximations for maximizing submodular set functions  |c G. L. Nemhauser ... [et al.] 
264 1 |a Louvain  |b Universite Catholique  |c 1976 
300 |a 57 s. 
100 1 |a Nemhauser, George L.